Escudos Futebol Premier League - Statistics

Estatísticas Gerais
  • Esse quiz foi jogado 1 570 vezes
  • A pontuação média é 10 de 12
Estatísticas das Respostas
Imagem Resposta % Correto
Arsenal
99%
Chelsea
99%
Manchester
96%
Everton
91%
LIverpool
91%
Leicester
85%
Crystal Palace
83%
Wolves
80%
Brighton
79%
Southampton
76%
Watford
67%
Brendford
19%
Nenhum quiz correspondente encontrado
Distribuição das Pontuações
Porcentagem de Pessoas com Cada Pontuação
Percentil de Números Respondidos
Sua Pontuação Histórica
Você não jogou esse quiz